<?xml version="1.0" encoding="UTF-8"?>
<collection xmlns="http://www.loc.gov/MARC21/slim">
    <record>
        <controlfield tag="001">69759</controlfield>
        <controlfield tag="005">20200513005820.0</controlfield>
        <datafield tag="024" ind1="7" ind2=" ">
            <subfield code="2">doi</subfield>
            <subfield code="a">10.1007/s10664-018-9606-9</subfield>
        </datafield>
        <datafield tag="024" ind1="8" ind2=" ">
            <subfield code="2">sideral</subfield>
            <subfield code="a">105273</subfield>
        </datafield>
        <datafield tag="037" ind1=" " ind2=" ">
            <subfield code="a">ART-2018-105273</subfield>
        </datafield>
        <datafield tag="041" ind1=" " ind2=" ">
            <subfield code="a">eng</subfield>
        </datafield>
        <datafield tag="100" ind1=" " ind2=" ">
            <subfield code="0">(orcid)0000-0002-2605-6243</subfield>
            <subfield code="a">Bernardi, Simona</subfield>
            <subfield code="u">Universidad de Zaragoza</subfield>
        </datafield>
        <datafield tag="245" ind1=" " ind2=" ">
            <subfield code="a">A systematic approach for performance assessment using process mining. An industrial experience report</subfield>
        </datafield>
        <datafield tag="260" ind1=" " ind2=" ">
            <subfield code="c">2018</subfield>
        </datafield>
        <datafield tag="506" ind1="0" ind2=" ">
            <subfield code="a">Access copy available to the general public</subfield>
            <subfield code="f">Unrestricted</subfield>
        </datafield>
        <datafield tag="520" ind1="3" ind2=" ">
            <subfield code="a">Software performance engineering is a mature field that offers methods to assess system performance. Process mining is a promising research field applied to gain insight on system processes. The interplay of these two fields opens promising applications in the industry. In this work, we report our experience applying a methodology, based on process mining techniques, for the performance assessment of a commercial data-intensive software application. The methodology has successfully assessed the scalability of future versions of this system. Moreover, it has identified bottlenecks components and replication needs for fulfilling business rules. The system, an integrated port operations management system, has been developed by Prodevelop, a medium-sized software enterprise with high expertise in geospatial technologies. The performance assessment has been carried out by a team composed by practitioners and researchers. Finally, the paper offers a deep discussion on the lessons learned during the experience, that will be useful for practitioners to adopt the methodology and for researcher to find new routes.</subfield>
        </datafield>
        <datafield tag="536" ind1=" " ind2=" ">
            <subfield code="9">info:eu-repo/grantAgreement/ES/MINECO/TIN2014-58457-R</subfield>
            <subfield code="9">This project has received funding from the European Union’s Horizon 2020 research and innovation program under grant agreement No H2020 644869-DICE</subfield>
            <subfield code="9">info:eu-repo/grantAgreement/EC/H2020/644869/EU/Developing Data-Intensive Cloud Applications with Iterative Quality Enhancements/DICE</subfield>
            <subfield code="9">info:eu-repo/grantAgreement/ES/DGA/T94</subfield>
        </datafield>
        <datafield tag="540" ind1=" " ind2=" ">
            <subfield code="9">info:eu-repo/semantics/openAccess</subfield>
            <subfield code="a">All rights reserved</subfield>
            <subfield code="u">http://www.europeana.eu/rights/rr-f/</subfield>
        </datafield>
        <datafield tag="590" ind1=" " ind2=" ">
            <subfield code="a">4.457</subfield>
            <subfield code="b">2018</subfield>
        </datafield>
        <datafield tag="591" ind1=" " ind2=" ">
            <subfield code="a">COMPUTER SCIENCE, SOFTWARE ENGINEERING</subfield>
            <subfield code="b">8 / 107 = 0.075</subfield>
            <subfield code="c">2018</subfield>
            <subfield code="d">Q1</subfield>
            <subfield code="e">T1</subfield>
        </datafield>
        <datafield tag="592" ind1=" " ind2=" ">
            <subfield code="a">0.62</subfield>
            <subfield code="b">2018</subfield>
        </datafield>
        <datafield tag="593" ind1=" " ind2=" ">
            <subfield code="a">Software</subfield>
            <subfield code="c">2018</subfield>
            <subfield code="d">Q2</subfield>
        </datafield>
        <datafield tag="655" ind1=" " ind2="4">
            <subfield code="a">info:eu-repo/semantics/article</subfield>
            <subfield code="v">info:eu-repo/semantics/submittedVersion</subfield>
        </datafield>
        <datafield tag="700" ind1=" " ind2=" ">
            <subfield code="a">Domínguez, J.</subfield>
        </datafield>
        <datafield tag="700" ind1=" " ind2=" ">
            <subfield code="a">Gómez, A.</subfield>
        </datafield>
        <datafield tag="700" ind1=" " ind2=" ">
            <subfield code="a">Joubert, C.</subfield>
        </datafield>
        <datafield tag="700" ind1=" " ind2=" ">
            <subfield code="0">(orcid)0000-0002-8917-6584</subfield>
            <subfield code="a">Merseguer, José</subfield>
            <subfield code="u">Universidad de Zaragoza</subfield>
        </datafield>
        <datafield tag="700" ind1=" " ind2=" ">
            <subfield code="a">Perez-Palacín, D.</subfield>
        </datafield>
        <datafield tag="700" ind1=" " ind2=" ">
            <subfield code="0">(orcid)0000-0001-5111-8357</subfield>
            <subfield code="a">Requeno, J.</subfield>
            <subfield code="u">Universidad de Zaragoza</subfield>
        </datafield>
        <datafield tag="700" ind1=" " ind2=" ">
            <subfield code="a">Romeu, A.</subfield>
        </datafield>
        <datafield tag="710" ind1="2" ind2=" ">
            <subfield code="1">5007</subfield>
            <subfield code="2">570</subfield>
            <subfield code="a">Universidad de Zaragoza</subfield>
            <subfield code="b">Dpto. Informát.Ingenie.Sistms.</subfield>
            <subfield code="c">Área Lenguajes y Sistemas Inf.</subfield>
        </datafield>
        <datafield tag="773" ind1=" " ind2=" ">
            <subfield code="g">23 (2018), 3394 – 3441</subfield>
            <subfield code="p">Empir. Softw. Eng.</subfield>
            <subfield code="t">EMPIRICAL SOFTWARE ENGINEERING</subfield>
            <subfield code="x">1382-3256</subfield>
        </datafield>
        <datafield tag="856" ind1="4" ind2=" ">
            <subfield code="s">1865606</subfield>
            <subfield code="u">http://zaguan.unizar.es/record/69759/files/texto_completo.pdf</subfield>
            <subfield code="y">Preprint</subfield>
        </datafield>
        <datafield tag="856" ind1="4" ind2=" ">
            <subfield code="s">57310</subfield>
            <subfield code="u">http://zaguan.unizar.es/record/69759/files/texto_completo.jpg?subformat=icon</subfield>
            <subfield code="x">icon</subfield>
            <subfield code="y">Preprint</subfield>
        </datafield>
        <datafield tag="909" ind1="C" ind2="O">
            <subfield code="o">oai:zaguan.unizar.es:69759</subfield>
            <subfield code="p">articulos</subfield>
            <subfield code="p">driver</subfield>
        </datafield>
        <datafield tag="951" ind1=" " ind2=" ">
            <subfield code="a">2020-05-13-00:49:08</subfield>
        </datafield>
        <datafield tag="980" ind1=" " ind2=" ">
            <subfield code="a">ARTICLE</subfield>
        </datafield>
    </record>

    
</collection>